| 000 | 00700nam a2200229Ia 4500 | ||
|---|---|---|---|
| 003 | GCL | ||
| 008 | 140319s9999 xx 000 0 ara d | ||
| 040 |
_aGCL / _cGCL |
||
| 082 | 0 | 4 |
_a157.7 _bج ا |
| 100 | 1 | _aفؤاد البهى السيد | |
| 245 | 1 | 0 |
_aالانهيار العصبى / _cفؤاد البهى السيد |
| 700 | 1 | _aجراهام، ج0 م | |
| 700 | 1 | _aرشدى فام منصور(مترجم) | |
| 260 |
_a[S.N] : _bدار الفكر العربى ، _c1980 |
||
| 300 | _a62 ص | ||
| 490 | _a | ||
| 650 | 0 | 4 | _aعلم النفس |
| 650 | 0 | 4 | _aالجهاز العصبى |
| 650 | 0 | 4 | _aالجوانب النفسية |
| 650 | 0 | 4 | _aالامراض العقلية |
| 942 |
_2ddc _cBK |
||
| 999 |
_c35030 _d35030 |
||